| 000 | 01276nam a2200337 i 4500 | ||
|---|---|---|---|
| 001 | 000003887 | ||
| 003 | DO-SdBNP | ||
| 005 | 20250210102025.0 | ||
| 007 | ta | ||
| 008 | 090714s2007 dr 000 0 spa d | ||
| 020 | _a9945000810 | ||
| 040 |
_aDO-SdBNP _bspa _cBNPHU _erda |
||
| 041 | 1 | 7 |
_aspa _heng |
| 082 | 4 |
_a657.83703 _bL864d _222 |
|
| 100 | 1 |
_aLópez Familia, José Rafael _eautor _9594 |
|
| 245 | 1 | 0 |
_aDiccionario práctico : _badministración hotelera y turismo = practical dictonary of hotelkeeper administration and tourism / _cJosé Rafael López Familia. |
| 246 | 0 | 1 | _aPractical dictonary of hotelkeeper administration and tourism |
| 264 |
_aSanto Domingo : _bComputhen Todo Impreso, _c2007. |
||
| 300 |
_a145 páginas ; _c22 cm. |
||
| 336 |
_2rdacontent _atexto _btxt |
||
| 337 |
_2rdamedia _asin mediación _bn |
||
| 338 |
_2rdacarrier _avolumen _bnc |
||
| 500 | _aDiccionario práctico Ingles - Español. | ||
| 546 | _aDiccionario práctico Ingles - Español. | ||
| 590 | _aLa biblioteca posee 3 ejemplar autógrafiado por el autor | ||
| 590 | _aInventariado, 2024/BT | ||
| 650 | 7 |
_aAdministración hotelera _911742 _vDiccionarios _2LEMB |
|
| 650 | 7 |
_aTurismo _vDiccionarios _92632 _2LEMB |
|
| 910 | _aValidado. Control de Calidad/MAA | ||
| 942 |
_2ddc _cLBS1 |
||
| 999 |
_c3708 _d3708 |
||